| 000 | 00459nac a22001331u 4500 | ||
|---|---|---|---|
| 008 | 080807s1910 eu||||| |||| 00| 0 ara d | ||
| 082 |
_a811.05 _bز ه و |
||
| 245 |
_aالزهور : _bمجلة ادبية فنية علمية / |
||
| 260 |
_aالقاهرة : _bمطبعة المعارف، 1910- _c1910 - |
||
| 300 |
_aمج.4 ; _c20 سم. |
||
| 505 | _aمج 1 (1-12) 1910 ; , | ||
| 541 |
_aالف باء ؛ _cشراء ؛ |
||
| 942 |
_cNB _k811.05 ز ه و _2ddc |
||
| 999 |
_c6615 _d6615 |
||